000 00519pab a2200193 454500
008 180718b2008 xxu||||| |||| 00| 0 eng d
100 _aHota, Laxmi Bilash
245 _aInvoluntary resettlement in dam projects of Orissa: risk and reconstruction
260 _c2008
300 _ap.347-85.
362 _aJul-Sep
650 _aResettlement - India - Orissa
650 _aDams - India - Orissa
650 _aDams
700 _aSuar, Damodar
773 _aEastern Anthropologist
908 _aN
909 _a81391
999 _c81391
_d81391